گلبر گہ ميں نظم (مضا مين) (Record no. 177965)

MARC details
000 -LEADER
fixed length control field 00667nam a22001937a 4500
005 - DATE AND TIME OF LATEST TRANSACTION
control field 20210311110624.0
010 ## - LCCN (DPL NO)
LC control number UR-11066
020 ## - INTERNATIONAL STANDARD BOOK NUMBER
Terms of availability 76.00
International Standard Book Number 9789390579099
035 ## - SYSTEM CONTROL NUMBER
System control number U-9621
037 ## - SOURCE OF ACQUISITION
Source of stock number/acquisition DBAD/PUB
082 ## - DEWEY DECIMAL CLASSIFICATION NUMBER
Classification number 844
100 ## - MAIN ENTRY--PERSONAL NAME
Personal name ا ستا د عبد ا لر شيد
245 ## - TITLE STATEMENT
Title گلبر گہ ميں نظم (مضا مين)
Statement of responsibility, etc ا ستا د عبد ا لر شيد
246 ## - VARYING FORM OF TITLE
Remainder of title Gulbarga Mein Nazm (Urdu)
Title proper/short title by Ustad Abdul Rasheed
260 ## - PUBLICATION, DISTRIBUTION, ETC. (IMPRINT)
Place of publication, distribution, etc N.Delhi
Date of publication, distribution, etc 2020 ء
Name of publisher, distributor, etc Applied Books
270 ## - ADDRESS
Address 1739/10,Basement ,Patoudi House ,Darya Ganj,
City N.Delhi
Postal code 110002
Fax number 9953630788
300 ## - PHYSICAL DESCRIPTION
Extent 104 ص
Dimensions 22 Cm(Hb)
942 ## - ADDED ENTRY ELEMENTS (KOHA)
Source of classification or shelving scheme Dewey Decimal Classification
Item type Urdu Bks
Classification part 844
Call number suffix ع ب د
Holdings
Withdrawn status Lost status Not for loan Collection code Home library Current library Date acquired Source of acquisition Cost, normal purchase price Full call number Barcode Copy number Cost, replacement price Koha item type
      Non-fiction D.B.Act.Division Central Library 11/03/2021 DBAD/PUB 76.00 844 ع ب د U-9621 1 76.00 Urdu Bks

© Delhi Public Library
Hit Counter
free hit counter